| 000 | 01097nam0a22002411 4500 | ||
|---|---|---|---|
| 001 | rc\235990 | ||
| 005 | 20260407114120.0 | ||
| 035 | _a(NLR Aleph) 005498290 | ||
| 090 |
_a5280144 _c5280144 |
||
| 100 | _a20030307d1990 |||y0rusy50 ca | ||
| 101 | 0 | _arus | |
| 102 | _aRU | ||
| 105 | _aa ||||||||| | ||
| 200 | 1 |
_aМЕТОДИЧЕСКИЕ рекомендации по созданию интегрированной автоматизированной системы оперативного управления строительством _fЦНИИ экономики и упр. стр-вом Госстроя СССР (ЦНИИЭУС) _g[Разраб. в составе к. т. н. А.И. Брехмана и др.] |
|
| 210 |
_aМ. _cЦНИИЭУС _d1990 |
||
| 215 |
_a33 с. _cсхем. _d21 |
||
| 702 | 1 |
_aБрехман _bА.И. _4570 |
|
| 712 | 0 | 2 |
_aЦНИИ экономики и управления строительством _cМосква _3RU\NLR\AUTH\889946314 _9388219 |
| 801 | 0 |
_aRU _bNLR _gpsbo |
|
| 801 | 1 |
_aRU _bELAR _2rusmarc |
|
| 852 |
_aNLR _j90-4/9447 |
||
| 942 | _cBOOK | ||
| 980 | _aNB | ||